000 00322nam a22001337a 4500
008 170613b xxu||||| |||| 00| 0 eng d
020 _a9780847683529
041 _aeng
080 _a327
100 _a19
101 _aSHP
245 _aGLOBALIZATION THE SOCIAL CONCESESOF POLITICAL
_cSCHAEFFER.R.K
942 _2udc
_cBK
999 _c17119
_d17119